00739nam a22002177a 4500003000500000005001700005008004100022010001000063011001000073035001000083040000900093100001800102245014500120260004300265300002200308490004400330650002500374650004300399650003500442830004400477CHAP20220817042853.0971013s1983 r 00010 d a58362 a59334 a63492 cCHAP00aStruik, P. C. aEffect of temperature on development, dry-matter production, dry matter distribution and quality of forage maize (Zea mays L.) : an analysis aWageningen :bVeenman and Zonen,c1983 a41 p.b: gráfs. aMededelingen landbouwhrgeschoolv; 83-314aMaíz como forraje.14aMaízxMateria secaxDeterminación.14aTemperaturaxEfecto en maíz.0 aMededelingen landbouwhrgeschoolv; 83-3